00712nas a2200229Ia 4500001001600000003001000016008004100026040002500067041001300092100001800105210002900123222002900152245003700181250001100218260000900229501012300238300001400361362002700375500004200402650002700444700001100471A10/R163-35334 IT-MiCISF161014c99999999xx |||||||||||| ||und|| aIT-MiCISFcIT-MiCISF aITALIANO aDe Laura Anna aRivista del volontariato aRivista del volontariato 0aQuando le donne aiutano le donne a1a ed. c2001 bCISF - Centro Internazionale Studi Famiglia - Via Giotto, 36 20145 MILANO (non commercial uses only)cCopyright 2016 app. 33-37 an. 12, dicembre [2001] a Tema: volontariato, donna, indirizzi avolontariatovarticolo aAA.VV.